000 00970nam a22003257a 4500
001 BR7506016
003 BR-BrBNA
005 20230928084837.0
007 ta
008 230509b bl.||||| |||| 00| 0 por d
040 _aBR-BrBNA
_bpor
_cBiblioteca Nacional de Agricultura
041 _a(Por)
072 _aM10
_b8140
_b/G514
090 _ 8140 BR7506016
100 1 _aMorais Filho, M.B.
100 1 _aAlves, L.B.O.
100 1 _aAlzuguir, F.
110 1 _aSuperintendencia do Desenvolvimento da Pesca, Rio de Janeiro, RJ (Brasil)
_910084
245 1 _aInvestigacoes sobre a lufada no Pantanal de Mato Grosso [peixe de agua doce, producao pesqueira, pesca, Brasil]
260 3 _aRio de Janeiro, RJ (Brasil):
_c1975.
300 _a18 p.
500 _a9 ref.
650 _aPRODUCAO PESQUEIRA
650 _aPEIXE DE AGUA DOCE
650 _aPESCA
650 _aPANTANAL
650 _aMATO GROSSO
909 _a202309
_bLucia
_c55
_dLucia Elande
942 _cBK
999 _c21424
_d21424